Les "pauvres" d'Israel (Record no. 43828)

MARC details
000 -LEADER
campo de control de longitud fija 00697nam a2200193 i 4500
001 - NÚMERO DE CONTROL
campo de control 43828
003 - IDENTIFICADOR DE NÚMERO DE CONTROL
campo de control ES-MaACL
005 - FECHA Y HORA DE LA ÚLTIMA TRANSACCIÓN
campo de control 20230906160901.0
007 - CAMPO FIJO DE DESCRIPCIÓN FÍSICA--INFORMACIÓN GENERAL
campo de control de longitud fija t|
008 - DATOS DE LONGITUD FIJA--INFORMACIÓN GENERAL
campo de control de longitud fija 030318s1922 fr ||||1| fre d
100 1# - ENTRADA PRINCIPAL--NOMBRE DE PERSONA
Nombre de persona Causee, A.
9 (RLIN) 37120
245 10 - MENCIÓN DEL TÍTULO
Título Les "pauvres" d'Israel
Resto del título : (prophetes, psalmistes, messianistes) /
Mención de responsabilidad, etc. A. Causse.
260 ## - PUBLICACIÓN, DISTRIBUCIÓN, ETC.
Lugar de publicación, distribución, etc. [S.l. :
Nombre del editor, distribuidor, etc. s.n.,
Fecha de publicación, distribución, etc. 1922] (
Lugar de fabricación/manufactura Strasbourg :
Fabricante Imp. Alsacienne)
300 ## - DESCRIPCIÓN FÍSICA
Extensión 172 p. ;
Dimensiones 25 cm.
490 1# - MENCIÓN DE SERIE
Mención de serie Etudes d'histoire et de philosophie religieuses / Université de Strasbourg ;
Designación de volumen o secuencia 3
830 0# - PUNTO DE ACCESO ADICIONAL DE SERIE-TÍTULO UNIFORME
Título uniforme Etudes d'histoire et de philosophie religieuses / Université de Strasbourg ;
Designación de volumen o secuencia 3
9 (RLIN) 229882
852 ## - LOCALIZACIÓN
Ubicación ES-MaACL
Número de control de estantería C-1948
Holdings
Estatus retirado Estado de pérdida Estado de daño No para préstamo Biblioteca de origen Biblioteca actual Ubicación en estantería Fecha de adquisición Fuente de adquisición Total de préstamos Signatura topográfica completa Código de barras Visto por última vez Precio de reemplazo Tipo de ítem Koha
        Biblioteca del Ateneo de Madrid Biblioteca del Ateneo de Madrid Sala Palomar 17/01/2008     C-1948 1046134 23/02/2023 23/02/2023 Libro impreso